[Event "Thessaloniki-Chalkidiki-chT B local"]
[Site "Thessaloniki"]
[Date "2019.03.17"]
[Round "8.3"]
[White "Hidzos, Georgios"]
[Black "Chatziioannidis, Theofylaktos"]
[Result "1-0"]
[WhiteElo "1821"]
[BlackElo "1513"]
[PlyCount "87"]
[EventDate "2019.01.13"]
[EventType "team-swiss"]
[EventRounds "9"]
[EventCountry "GRE"]
[SourceTitle "EXT 2020"]
[Source "ChessBase"]
[SourceDate "2019.10.17"]
[SourceVersion "1"]
[SourceVersionDate "2019.10.17"]
[SourceQuality "1"]

1. e4 e6 2. d4 d5 3. Nc3 Bb4 4. e5 c5 5. a3 Bxc3+ 6. bxc3 Ne7 7. Qg4 Qc7 8. Qxg7 Rg8 9. Qxh7 cxd4 10. Ne2 Nbc6 11. f4 Bd7 12. Qd3 dxc3 13. Rb1 d4 14. Nxd4 Nxd4 15. Qxd4 Nf5 16. Qf2 Bc6 17. Rg1 Qa5 18. g4 Ne7 19. Rg3 0-0-0 20. Rb3 Kb8 21. Bd3 Ba4 22. Rb4 Nc6 23. Rc4 Rd5 24. Be4 Rb5 25. Qe3 Rb1 26. Kf2 Rd8 27. Rg1 Rxc1 28. Rxc1 Rd2+ 29. Kg3 Bb5 30. Qxc3 Bxc4 31. Qxc4 Qxa3+ 32. Qb3 Qxc1 33. Bxc6 Qg1+ 34. Kh4 Rxh2+ 35. Kg5 Qb6 36. Qxb6 axb6 37. Be8 Rxc2 38. Bxf7 Kc7 39. Bxe6 Kd8 40. Kf6 Ke8 41. Bf7+ Kf8 42. e6 Re2 43. g5 Re4 44. f5 1-0

[Event "Thessaloniki-Chalkidiki-chT B local"]
[Site "Thessaloniki"]
[Date "2019.02.10"]
[Round "4.3"]
[White "Dermatopoulos, Konstantinos"]
[Black "Chatziioannidis, Theofylaktos"]
[Result "1-0"]
[WhiteElo "1989"]
[BlackElo "1513"]
[PlyCount "115"]
[EventDate "2019.01.13"]
[EventType "team-swiss"]
[EventRounds "9"]
[EventCountry "GRE"]
[SourceTitle "EXT 2020"]
[Source "ChessBase"]
[SourceDate "2019.10.17"]
[SourceVersion "1"]
[SourceVersionDate "2019.10.17"]
[SourceQuality "1"]

1. d4 Nf6 2. Bg5 g6 3. Bxf6 exf6 4. e3 Bg7 5. g3 0-0 6. Bg2 d5 7. Ne2 c6 8. 0-0 Nd7 9. b3 f5 10. c4 Nf6 11. Nbc3 Ne4 12. Qd3 Be6 13. cxd5 Bxd5 14. Nxd5 cxd5 15. Qb5 Qd6 16. Nf4 Rfd8 17. Rac1 Rab8 18. Qa5 a6 19. Rc2 g5 20. Nd3 Rdc8 21. Rfc1 Rxc2 22. Rxc2 Bf8 23. Qc7 Qxc7 24. Rxc7 Nf6 25. Bh3 Bd6 26. Rc2 g4 27. Bg2 Kf8 28. Kf1 Ke7 29. Ke2 Kd7 30. Nc5+ Bxc5 31. dxc5 a5 32. Kd3 Kc6 33. Kd4 Re8 34. a3 Ne4 35. Bf1 f6 36. b4 axb4 37. axb4 Ra8 38. b5+ Kc7 39. Kxd5 Ra1 40. Bg2 Kd7 41. c6+ bxc6+ 42. bxc6+ Kc7 43. Bxe4 Rd1+ 44. Ke6 fxe4 45. Kf5 Rh1 46. Kxf6 Rxh2 47. Kf5 Rh6 48. Kxe4 Rf6 49. Ke5 Rf3 50. e4 Rf8 51. Ke6 Re8+ 52. Kf5 h5 53. e5 Re7 54. Kf6 Re8 55. e6 Rf8+ 56. Kg7 Rf5 57. e7 Re5 58. Kf7 1-0

[Event "Thessaloniki-Chalkidiki-chT B local"]
[Site "Thessaloniki"]
[Date "2019.01.27"]
[Round "3.4"]
[White "Christoforidis, Christoforos"]
[Black "Chatziioannidis, Theofylaktos"]
[Result "0-1"]
[WhiteElo "1622"]
[BlackElo "1513"]
[PlyCount "78"]
[EventDate "2019.01.13"]
[EventType "team-swiss"]
[EventRounds "9"]
[EventCountry "GRE"]
[SourceTitle "EXT 2020"]
[Source "ChessBase"]
[SourceDate "2019.10.17"]
[SourceVersion "1"]
[SourceVersionDate "2019.10.17"]
[SourceQuality "1"]

1. d4 Nf6 2. Bf4 g6 3. e3 Bg7 4. Be2 0-0 5. c4 c5 6. Nf3 cxd4 7. exd4 d5 8. Nc3 dxc4 9. Bxc4 Bg4 10. d5 Nbd7 11. h3 Bxf3 12. Qxf3 Rc8 13. Bb3 Nh5 14. Bd2 Ne5 15. Qe2 Nd7 16. 0-0 Nc5 17. Bc4 a6 18. a4 Nxa4 19. Rxa4 b5 20. Nxb5 axb5 21. Bxb5 Rc2 22. Qd3 Rxb2 23. Bc1 Qd6 24. Bxb2 Bxb2 25. Ra6 Qe5 26. g3 Rc8 27. Bc6 Bd4 28. Kg2 f5 29. f4 Qg7 30. Rd1 Bc5 31. Bd7 Rb8 32. Be6+ Kh8 33. Ra2 Bd6 34. Qc4 g5 35. fxg5 Qxg5 36. Qc3+ Nf6 37. Rd3 f4 38. g4 Be5 39. Qd2 Ne4 0-1